000 02407nam0a2200409 4500
001 RU\NLR\BIBL_A\012458290
005 20211004084629.0
010 _a978-5-4468-8435-3
_91500
021 _aRU
_bКН-П-20-065252
_9КН-П-20-4905
035 _a(NLR Aleph) 012458290
035 _a(RuMoRGB)010454006
090 _a12011540
_c12011540
100 _a20210220d2020 u y0rusy50 ca
101 0 _arus
102 _aRU
105 _aa|||j|||000zy
181 0 _ai
_baxxe
182 0 _an
200 1 _aОбработка информации средствами MS Office
_eпрактикум
_e[учебное пособие] для использования в образовательном процессе образовательных организаций, реализующих программ среднего профессионального образования по укрупненной группе профессий "Информатика и вычислительная техника"
_fН. В. Струмпэ
203 _aТекст
_bвизуальный
_cнепосредственный
205 _a10-е изд., перераб.
210 _aМосква
_cАкадемия
_d2020
215 _a220, [1] с.
_cил., табл.
_d22
225 1 _aПрофессиональное образование
225 1 _aПрофессиональное образование
_iИнформатика и вычислительная техника
311 _a9-е издание учебного пособия выходило под названием "Оператор ЭВМ. Практические работы"
313 _aТематика 10-го изд. отличается от 9-го изд.
320 _aБиблиогр.: с. 215
451 0 _12001#$aОператор ЭВМ. Практические работы$eучебное пособие
606 1 _aMICROSOFT OFFICE, пакет прикладных программ
_jУчебные издания для среднего профессионального образования
_2nlr_sh1
_2nlr_sh2
_3RU\NLR\AUTH\66795253
686 1 _aЗ973.23-018.2я73-5
700 1 _aСтрумпэ
_bН. В.
_gНаталья Васильевна
942 _cBOOK
980 _aNBR
980 _aNB